La hija de la serpeinte marina : (Record no. 18623)

MARC details
000 -LEADER
fixed length control field 00816nam a22002537a 4500
001 - CONTROL NUMBER
control field sjds170161
003 - CONTROL NUMBER IDENTIFIER
control field sjds
005 - DATE AND TIME OF LATEST TRANSACTION
control field 20170721113742.0
008 - FIXED-LENGTH DATA ELEMENTS--GENERAL INFORMATION
fixed length control field 170721b nju||||| |||| 00| 0 spa d
020 ## - INTERNATIONAL STANDARD BOOK NUMBER
International Standard Book Number 0816730741 (pbk.)
020 ## - INTERNATIONAL STANDARD BOOK NUMBER
International Standard Book Number 9780816730742 (pbk.)
024 ## - OTHER STANDARD IDENTIFIER
Standard number or code 051487004951
040 ## - CATALOGING SOURCE
Transcribing agency sjds
041 ## - LANGUAGE CODE
Language code of text/sound track or separate title spa
082 ## - DEWEY DECIMAL CLASSIFICATION NUMBER
Classification number 398.21
100 1# - MAIN ENTRY--PERSONAL NAME
Personal name Lippert, Margaret H.
245 13 - TITLE STATEMENT
Title La hija de la serpeinte marina :
Remainder of title una leyenda Brasileña /
Statement of responsibility, etc. escrita y adaptada por Margaret H. Lippert ; ilustrada por Felipe Davalos.
246 ## - VARYING FORM OF TITLE
Title proper/short title La hija de la serpeinte marina :
Remainder of title una leyenda Brasileña
260 ## - PUBLICATION, DISTRIBUTION, ETC. (IMPRINT)
Place of publication, distribution, etc. [Mahwah, NJ] :
Name of publisher, distributor, etc. Troll Associates,
Date of publication, distribution, etc. c1993.
300 ## - PHYSICAL DESCRIPTION
Extent 32 pages :
Other physical details color illustrations ;
Dimensions 23 cm.
490 ## - SERIES STATEMENT
Series statement Leyendas del mundo
700 ## - ADDED ENTRY--PERSONAL NAME
Personal name Davalos, Felipe
942 ## - ADDED ENTRY ELEMENTS (KOHA)
Source of classification or shelving scheme Dewey Decimal Classification
Koha item type Libro/Book
Holdings
Withdrawn status Lost status Damaged status Not for loan Home library Current library Date acquired Inventory number Total Checkouts Full call number Barcode Date last seen Date checked out Price effective from Koha item type
        Azul y Blanco -- Satellite Azul y Blanco -- Satellite 21/07/2017 inventory date: 20-1-25 3 JC 35200563 30/01/2025 05/03/2024 21/07/2017 Libro/Book

Powered by Koha